000 00946nam a2200337 a 4500
003 AR-BaBNM
005 20251128204949.0
008 082120s2002 ||||||||||||||000 | spa||
020 _a950-506-183-8
040 _cAR-BaBNM
100 1 _aMugica, Nora
245 0 0 _aLa gramática modular
250 _a1ª ed.
260 _aBuenos Aires
_bHachette
_c1989
300 _a215 p.
_bcuadros
490 0 _aHachette Universidad. Lengua - Lingüística - Comunicación
500 _aContiene: glosario en p. 201-206
500 _aIndice temático en p. 211-214
500 _aIndice analítico en p. 215-218
504 _aBibliografía en p. 207-210
600 1 4 _aChomsky, Noam
650 4 _aGRAMATICA
650 4 _aLINGÜISTICA DESCRIPTIVA
650 4 _aLEXICO
650 4 _aSEMANTICA
650 4 _aINVESTIGACION LINGÜISTICA
700 1 _aSolana, Zulema
800 1 _aArnoux, Elvira
_edirector
942 _cBK
998 _cisola
999 _c9505
_d9505